00670nam a22002297a 450000500170000000800410001702000180005804000180007605000120009408200260010610000200013224500580015225000120021026000350022230000290025765000270028665000280031365000360034170000250037770000180040270000200042020250315113258.0250315b ||||| |||| 00| 0 eng d a9781032967325 cAIMIT LIBRARY a1st ed. 21a658.4038011 bBEHA aBeheshti, Amin. aSocial data analytics /cBy Amin Beheshti,...[et.al]. a1st ed. aNew York :bCRC Press ,c2022. axii,238p. ;bPBc23.2 cm aOrganizing social data aSummarizing social data aStoringtelling with social data aGhodratnama, Samira. aElahi, Mehdi. aFarhood, Helia.